[Event "NatWest GrandMasters"]
[Site "London"]
[Date "1989.08.30"]
[Round "1"]
[White "Kosten, Anthony C"]
[Black "Levitt, Jonathan"]
[Result "1/2-1/2"]
[WhiteElo "2500"]
[BlackElo "2475"]
[PlyCount "24"]
[EventDate "1989.08.30"]
[EventType "tourn"]
[EventRounds "9"]
[EventCountry "ENG"]
[EventCategory "10"]
[SourceTitle "BritBase"]
[Source "John Saunders"]
[SourceDate "2022.12.30"]
[SourceVersion "1"]
[SourceVersionDate "2022.12.30"]
[SourceQuality "1"]

1. e4 e6 2. d4 d5 3. e5 c5 4. c3 Nc6 5. Nf3 Bd7 6. Be2 Nge7 7. O-O Nf5 8. Bd3
Nh4 9. Nbd2 Nxf3+ 10. Nxf3 cxd4 11. cxd4 Qb6 12. Be3 Be7 1/2-1/2

[Event "NatWest GrandMasters"]
[Site "London"]
[Date "1989.08.30"]
[Round "1"]
[White "McNab, Colin Anderson"]
[Black "Conquest, Stuart"]
[Result "1/2-1/2"]
[WhiteElo "2435"]
[BlackElo "2515"]
[PlyCount "95"]
[EventDate "1989.08.30"]
[EventType "tourn"]
[EventRounds "9"]
[EventCountry "ENG"]
[EventCategory "10"]
[SourceTitle "BritBase"]
[Source "John Saunders"]
[SourceDate "2022.12.30"]
[SourceVersion "1"]
[SourceVersionDate "2022.12.30"]
[SourceQuality "1"]

1. c4 e6 2. Nf3 Nf6 3. g3 d5 4. b3 a5 5. Bg2 a4 6. O-O axb3 7. Qxb3 Nc6 8. cxd5
exd5 9. d4 Be7 10. Nc3 O-O 11. Rd1 Bf5 12. Ne5 Na5 13. Qb2 c6 14. Bg5 Ng4 15.
Bxe7 Qxe7 16. Nxg4 Bxg4 17. a4 f5 18. Re1 f4 19. e4 fxe3 20. fxe3 Qf6 21. Rf1
Qg5 22. Rxf8+ Rxf8 23. Re1 Nc4 24. Qc1 h5 25. Ne4 Qg6 26. Nd2 Nd6 27. Qc5 h4
28. e4 h3 29. Bh1 dxe4 30. Bxe4 Qh6 31. Qc3 Re8 32. Kf2 Qf6+ 33. Bf3 Rf8 34.
Re3 Nf5 35. Re4 {[#]Stuart Conquest’s nightmare tournament began with a
missed win in the first round. Black had been pressing on the f-file and now
continued} Bxf3 36. Nxf3 Nd6 {whereupon White, McNab, blundered by} 37. Rf4 $4
(37. Re3 $1) {and Black retreated by} 37... Qe7 $4 {, conceding a draw after
the exchange of rooks and queens.} ({Imagine his chagrin when} 37... Qxf4 {
, threatening a knight fork on e4, was pointed out.}) 38. Rxf8+ Kxf8 39. Qe3
Qxe3+ 40. Kxe3 Nc4+ 41. Ke4 Nb6 42. a5 Nc4 43. Ng5 Nxa5 44. d5 Ke7 45. dxc6
Nxc6 46. Kd5 Kf6 47. Nxh3 Ne5 48. Nf4 {Source (move 35-37): BCM, November 1989,
p492} 1/2-1/2

[Event "NatWest GrandMasters"]
[Site "London"]
[Date "1989.08.31"]
[Round "2"]
[White "Conquest, Stuart"]
[Black "Bronstein, David I"]
[Result "0-1"]
[WhiteElo "2515"]
[BlackElo "2430"]
[PlyCount "52"]
[EventDate "1989.08.30"]
[EventType "tourn"]
[EventRounds "9"]
[EventCountry "ENG"]
[EventCategory "10"]
[SourceTitle "BritBase"]
[Source "John Saunders"]
[SourceDate "2022.12.30"]
[SourceVersion "1"]
[SourceVersionDate "2022.12.30"]
[SourceQuality "1"]

{In the following round Bronstein played his best game, showing that his ...g5
thrust could not be so easily nullified by the stereotyped response 16 h4.} 1.
e4 c6 2. c4 d5 3. cxd5 cxd5 4. exd5 Nf6 5. Nc3 g6 6. Bc4 Bg7 7. Nge2 O-O 8. O-O
Na6 9. d4 Nc7 10. Nf4 b6 11. a4 Bb7 12. Qb3 Rb8 13. Be3 a6 14. Rfc1 g5 {
The bold way to disturb the equi­librium, not fearing the flashy 15 Ne6?!} 15.
Nfe2 h6 16. h4 ({White could consider} 16. Ng3 {, or safeguard himself against
the later ...Ng4 by 16 h3.}) 16... b5 $1 17. axb5 axb5 18. Bd3 (18. Nxb5 Nxb5
19. Bxb5 Nxd5 {and the vis-a-vis of Rb8 and Qb3 is awkward for White.}) 18...
b4 19. hxg5 hxg5 20. Na4 Ncxd5 21. Bxg5 Qd6 22. Ng3 Ng4 $1 23. Be2 Nxf2 $1 24.
Qf3 ({White dare not take the knight, as then his king is buffeted about:} 24.
Kxf2 Bxd4+ 25. Ke1 Ne3 $1 26. Bxe3 (26. Nf1 Nxg2+) 26... Qxg3+ 27. Kd2 Rfd8 {
and the pinned bishop at e3 is White’s downfall.}) 24... Bxd4 25. Nf5 Ng4+
26. Kf1 Nh2+ {Source: BCM, November 1989, p492} 0-1

[Event "NatWest GrandMasters"]
[Site "London"]
[Date "1989.08.31"]
[Round "2"]
[White "Hebden, Mark L"]
[Black "Levitt, Jonathan"]
[Result "0-1"]
[WhiteElo "2520"]
[BlackElo "2475"]
[PlyCount "70"]
[EventDate "1989.08.30"]
[EventType "tourn"]
[EventRounds "9"]
[EventCountry "ENG"]
[EventCategory "10"]
[SourceTitle "BritBase"]
[Source "John Saunders"]
[SourceDate "2022.12.30"]
[SourceVersion "1"]
[SourceVersionDate "2022.12.30"]
[SourceQuality "1"]

1. d4 Nf6 2. Nf3 e6 3. c4 b6 4. g3 Bb7 5. Bg2 Be7 6. O-O O-O 7. Nc3 Ne4 8. Bd2
f5 9. Qc2 Bf6 10. Rfd1 Nxc3 11. Bxc3 Be4 12. Qc1 d6 13. Qe3 Qe7 14. Ne1 Bg5 15.
f4 Bxg2 16. Nxg2 Bh6 17. Qf3 Nd7 18. e4 Nf6 19. exf5 exf5 20. Re1 Ne4 21. g4 g6
22. gxf5 gxf5 23. Re2 Kh8 24. Qh3 Bg7 25. Nh4 Qf7 26. Nf3 Qxc4 27. Rg2 Qd5 28.
Kh1 Bf6 29. Rag1 Rg8 30. Be1 Rxg2 31. Rxg2 Rg8 32. Qh5 Qb5 33. Rxg8+ Kxg8 34.
Kg1 Qe2 35. h3 Bxd4+ 0-1

[Event "NatWest GrandMasters"]
[Site "London"]
[Date "1989.09.01"]
[Round "3"]
[White "Barua, Dibyendu"]
[Black "Hebden, Mark L"]
[Result "1-0"]
[WhiteElo "2470"]
[BlackElo "2520"]
[PlyCount "140"]
[EventDate "1989.08.30"]
[EventType "tourn"]
[EventRounds "9"]
[EventCountry "ENG"]
[EventCategory "10"]
[SourceTitle "BritBase"]
[Source "John Saunders"]
[SourceDate "2022.12.30"]
[SourceVersion "1"]
[SourceVersionDate "2022.12.30"]
[SourceQuality "1"]

1. e4 e5 2. Nf3 Nc6 3. Bc4 Nf6 4. d3 Be7 5. O-O O-O 6. Re1 d6 7. c3 Na5 8. Nbd2
Nxc4 9. dxc4 Re8 10. Nf1 h6 11. Ng3 Bf8 12. h3 c6 13. b3 Be6 14. Ba3 Qc7 15.
Qc2 b5 16. cxb5 cxb5 17. Rac1 a5 18. Nd2 Rec8 19. Qd3 Qb6 20. Ngf1 Nh5 21. Ne3
Nf4 22. Qf1 a4 23. Bb4 axb3 24. axb3 Ra2 25. Rc2 Rca8 26. Rec1 g6 27. Kh2 Bg7
28. h4 Rxc2 29. Rxc2 d5 30. g3 d4 31. Ng2 d3 32. Rb2 Ne2 33. Ne3 f5 34. Qg2 f4
35. Nd5 fxg3+ 36. fxg3 Bxd5 37. exd5 Ra1 38. Ne4 Qe3 39. Bc5 Qc1 40. Rd2 Nxc3
41. Nxc3 Qxc3 42. b4 Re1 43. Ra2 Qc4 44. d6 Qf7 45. Rf2 Qe6 46. Qb7 Re2 47. d7
Rxf2+ 48. Bxf2 Bf6 49. Qc8+ Kf7 50. d8=Q Bxd8 51. Qxd8 Qa2 52. Qd7+ Kg8 53.
Qe8+ Kh7 54. Qe7+ Kg8 55. Qf6 Kh7 56. h5 gxh5 57. Qf5+ Kg8 58. Qg6+ Kf8 59.
Qxh6+ Ke7 60. Qg7+ Kd6 61. Qf6+ Kd7 62. Qf5+ Kc6 63. Qc8+ Kd6 64. Qd8+ Kc6 65.
Qb6+ Kd5 66. Qxb5+ Ke4 67. Kg2 d2 68. Qe2+ Kf5 69. Qd3+ e4 70. Qd7+ Kg6 1-0

[Event "NatWest GrandMasters"]
[Site "London"]
[Date "1989.09.01"]
[Round "3"]
[White "Kosten, Anthony C"]
[Black "Conquest, Stuart"]
[Result "1-0"]
[WhiteElo "2500"]
[BlackElo "2515"]
[PlyCount "55"]
[EventDate "1989.08.30"]
[EventType "tourn"]
[EventRounds "9"]
[EventCountry "ENG"]
[EventCategory "10"]
[SourceTitle "BritBase"]
[Source "John Saunders"]
[SourceDate "2022.12.30"]
[SourceVersion "1"]
[SourceVersionDate "2022.12.30"]
[SourceQuality "1"]

1. e4 e5 2. Nf3 Nc6 3. Bc4 Nf6 4. d3 Be7 5. O-O O-O 6. Bb3 d6 7. c3 d5 8. Nbd2
a6 9. Qe2 dxe4 10. dxe4 Bg4 11. h3 Bh5 12. Rd1 Qc8 13. Nc4 h6 14. Bc2 Qe6 15.
Ne3 Rad8 16. Bd2 Rfe8 17. Nf5 Bf8 18. g4 Bg6 19. N3h4 Bxf5 20. gxf5 Qe7 21. Kh2
Nh7 22. Nf3 Rd6 23. Be3 Qd7 24. Rg1 b5 25. Rg3 Rf6 26. Rd1 Qc8 27. Rdg1 Kh8 28.
Qf1 1-0

[Event "NatWest GrandMasters"]
[Site "London"]
[Date "1989.09.02"]
[Round "4"]
[White "Barua, Dibyendu"]
[Black "McNab, Colin Anderson"]
[Result "1-0"]
[WhiteElo "2470"]
[BlackElo "2435"]
[PlyCount "67"]
[EventDate "1989.08.30"]
[EventType "tourn"]
[EventRounds "9"]
[EventCountry "ENG"]
[EventCategory "10"]
[SourceTitle "BritBase"]
[Source "John Saunders"]
[SourceDate "2022.12.30"]
[SourceVersion "1"]
[SourceVersionDate "2022.12.30"]
[SourceQuality "1"]

1. e4 g6 2. d4 d6 3. c4 e5 4. dxe5 dxe5 5. Qxd8+ Kxd8 6. Nc3 Be6 7. f4 Nd7 8.
Nf3 f6 9. Bd2 Ne7 10. O-O-O Kc8 11. h3 Nc6 12. Nd5 Nc5 13. Nxf6 Bg7 14. fxe5
Nxe5 15. Nxe5 Bxf6 16. Bf4 Nxe4 17. Re1 Nc5 18. b4 Nd7 19. Ng4 Re8 20. Nxf6
Nxf6 21. g4 Bf7 22. Bd3 Rxe1+ 23. Rxe1 Kd7 24. Rd1 Ke8 25. Kb2 c6 26. Bg5 Ng8
27. a4 Be6 28. a5 a6 29. Kc3 Kf7 30. Rf1+ Kg7 31. Be3 h6 32. Bd4+ Kh7 33. h4
Ne7 34. Re1 1-0

[Event "NatWest GrandMasters"]
[Site "London"]
[Date "1989.09.02"]
[Round "4"]
[White "Conquest, Stuart"]
[Black "Levitt, Jonathan"]
[Result "0-1"]
[WhiteElo "2515"]
[BlackElo "2475"]
[PlyCount "112"]
[EventDate "1989.08.30"]
[EventType "tourn"]
[EventRounds "9"]
[EventCountry "ENG"]
[EventCategory "10"]
[SourceTitle "BritBase"]
[Source "John Saunders"]
[SourceDate "2022.12.30"]
[SourceVersion "1"]
[SourceVersionDate "2022.12.30"]
[SourceQuality "1"]

1. Nf3 Nf6 2. c4 b6 3. g3 e6 4. Bg2 Bb7 5. O-O Be7 6. Nc3 c5 7. d4 cxd4 8. Qxd4
d6 9. e4 a6 10. Rd1 Nbd7 11. b3 Qc7 12. Bb2 O-O 13. Rac1 Rac8 14. h3 Qb8 15.
Nd2 Rfd8 16. Re1 Bc6 17. Nd5 Bf8 18. Nxf6+ Nxf6 19. Qe3 Nd7 20. Nf3 b5 21. cxb5
axb5 22. Nd4 Ba8 23. Qd2 Rxc1 24. Rxc1 Nc5 25. Qe2 b4 26. Rd1 Qb7 27. Re1 Qa7
28. Ba1 Bb7 29. Rd1 Ra8 30. Rd2 e5 31. Nf5 Nxb3 32. Bxe5 dxe5 33. axb3 Bc8 34.
Kh2 Be6 35. Qd3 Qa3 36. Qb5 Qc1 37. Rd3 Qc2 38. Rf3 Qc5 39. Qd3 Ra3 40. Qd1 g6
41. g4 h6 42. Re3 Kh7 43. Nh4 Ra2 44. Qe1 Qc2 45. Kg3 Bc5 46. Rf3 Rb2 47. Bf1
Rb1 48. Qe2 Qxe2 49. Bxe2 Bxb3 50. Ng2 Kg7 51. Ne3 Bxe3 52. Rxe3 Bc2 53. Bb5
Ra1 54. Bc4 Ra3 55. Rxa3 bxa3 56. Ba2 Bxe4 0-1

[Event "NatWest GrandMasters"]
[Site "London"]
[Date "1989.09.02"]
[Round "4"]
[White "Watson, William N"]
[Black "Kosten, Anthony C"]
[Result "1-0"]
[WhiteElo "2495"]
[BlackElo "2500"]
[PlyCount "67"]
[EventDate "1989.08.30"]
[EventType "tourn"]
[EventRounds "9"]
[EventCountry "ENG"]
[EventCategory "10"]
[SourceTitle "BritBase"]
[Source "John Saunders"]
[SourceDate "2022.12.30"]
[SourceVersion "1"]
[SourceVersionDate "2022.12.30"]
[SourceQuality "1"]

1. e4 c5 2. Nf3 Nc6 3. d4 cxd4 4. Nxd4 Nf6 5. Nc3 e6 6. Nxc6 bxc6 7. e5 Nd5 8.
Ne4 Qc7 9. f4 Qb6 10. c4 Bb4+ 11. Ke2 f5 12. exf6 Nxf6 13. Be3 Qc7 14. Nxf6+
gxf6 15. Kf2 O-O 16. Rc1 c5 17. Be2 Bb7 18. Bf3 Rab8 19. Rf1 Ba5 20. b3 f5 21.
Bxb7 Rxb7 22. Qf3 d6 23. Rfd1 Qe7 24. Rd3 Rd7 25. Rcd1 Rfd8 26. Kg1 Qf7 27. Bf2
Bc7 28. Qc6 Qh5 29. Re1 Qh6 30. Rh3 Qxf4 31. Rxe6 Kh8 32. Rg3 Qc1+ 33. Re1 Qd2
34. Qxd7 1-0

[Event "NatWest GrandMasters"]
[Site "London"]
[Date "1989.09.03"]
[Round "5"]
[White "Kosten, Anthony C"]
[Black "Adams, Michael"]
[Result "1/2-1/2"]
[WhiteElo "2500"]
[BlackElo "2505"]
[PlyCount "40"]
[EventDate "1989.08.30"]
[EventType "tourn"]
[EventRounds "9"]
[EventCountry "ENG"]
[EventCategory "10"]
[SourceTitle "BritBase"]
[Source "John Saunders"]
[SourceDate "2022.12.30"]
[SourceVersion "1"]
[SourceVersionDate "2022.12.30"]
[SourceQuality "1"]

1. e4 c6 2. d4 d5 3. exd5 cxd5 4. c4 Nf6 5. Nc3 e6 6. Nf3 Be7 7. cxd5 Nxd5 8.
Bd3 Nc6 9. O-O O-O 10. Re1 Bf6 11. Be4 Qd6 12. Bg5 Bxg5 13. Nxg5 Nf6 14. d5
exd5 15. Nxd5 Nxe4 16. Nxe4 Qh6 17. Qc1 Qxc1 18. Raxc1 Rd8 19. Rcd1 Kf8 20. f3
Bf5 1/2-1/2

[Event "NatWest GrandMasters"]
[Site "London"]
[Date "1989.09.03"]
[Round "5"]
[White "Levitt, Jonathan"]
[Black "Watson, William N"]
[Result "1/2-1/2"]
[WhiteElo "2475"]
[BlackElo "2495"]
[PlyCount "22"]
[EventDate "1989.08.30"]
[EventType "tourn"]
[EventRounds "9"]
[EventCountry "ENG"]
[EventCategory "10"]
[SourceTitle "BritBase"]
[Source "John Saunders"]
[SourceDate "2022.12.30"]
[SourceVersion "1"]
[SourceVersionDate "2022.12.30"]
[SourceQuality "1"]

1. d4 Nf6 2. c4 g6 3. Nc3 Bg7 4. Nf3 d6 5. g3 O-O 6. Bg2 Nbd7 7. O-O e5 8. e4
c6 9. h3 Qa5 10. Re1 exd4 11. Nxd4 Re8 1/2-1/2

[Event "NatWest GrandMasters"]
[Site "London"]
[Date "1989.09.03"]
[Round "5"]
[White "Murshed, Niaz"]
[Black "Conquest, Stuart"]
[Result "1-0"]
[WhiteElo "2475"]
[BlackElo "2515"]
[PlyCount "111"]
[EventDate "1989.08.30"]
[EventType "tourn"]
[EventRounds "9"]
[EventCountry "ENG"]
[EventCategory "10"]
[SourceTitle "BritBase"]
[Source "John Saunders"]
[SourceDate "2022.12.30"]
[SourceVersion "1"]
[SourceVersionDate "2022.12.30"]
[SourceQuality "1"]

1. d4 Nf6 2. Nf3 e6 3. Bg5 h6 4. Bxf6 Qxf6 5. e4 b6 6. Bd3 Bb7 7. Nc3 g5 8. Qe2
Nc6 9. e5 Qg7 10. Ne4 g4 11. Nf6+ Kd8 12. Nd2 Nxd4 13. Qe3 Bc5 14. Qg3 Be7 15.
Qf4 Nc6 16. Nde4 Kc8 17. O-O-O Bxf6 18. Nxf6 Qg5 19. Qxg5 hxg5 20. Nxg4 Nb4 21.
f3 Nxa2+ 22. Kb1 Nb4 23. Bb5 Bc6 24. Bxc6 dxc6 25. Rd2 c5 26. c3 Nc6 27. g3 Kb7
28. h4 gxh4 29. Rxh4 Rad8 30. Kc2 Rxd2+ 31. Kxd2 Rd8+ 32. Ke2 c4 33. Rh7 Rd5
34. f4 Rb5 35. Rxf7 Rxb2+ 36. Kd1 a5 37. Ne3 b5 38. g4 Rf2 39. Rf6 a4 40. Nc2
Na5 41. f5 exf5 42. e6 Rf1+ 43. Kd2 Nb3+ 44. Ke3 Kc6 45. gxf5 Nc5 46. Nd4+ Kd6
47. Nxb5+ Ke5 48. Rf7 Re1+ 49. Kd2 Re4 50. e7 Kf4 51. Nxc7 a3 52. Ne6+ Kg3 53.
e8=Q Nb3+ 54. Kd1 Kf2 55. Ng7 a2 56. Ra7 1-0

[Event "NatWest GrandMasters"]
[Site "London"]
[Date "1989.09.04"]
[Round "6"]
[White "Adams, Michael"]
[Black "Levitt, Jonathan"]
[Result "1/2-1/2"]
[WhiteElo "2505"]
[BlackElo "2475"]
[PlyCount "47"]
[EventDate "1989.08.30"]
[EventType "tourn"]
[EventRounds "9"]
[EventCountry "ENG"]
[EventCategory "10"]
[SourceTitle "BritBase"]
[Source "John Saunders"]
[SourceDate "2022.12.30"]
[SourceVersion "1"]
[SourceVersionDate "2022.12.30"]
[SourceQuality "1"]

1. e4 e6 2. d4 d5 3. Nd2 c5 4. exd5 Qxd5 5. Ngf3 cxd4 6. Bc4 Qd6 7. O-O Nf6 8.
Nb3 Nc6 9. Nbxd4 Nxd4 10. Nxd4 a6 11. Bb3 Qc7 12. Qf3 Bd6 13. h3 O-O 14. Bg5
Nd7 15. c3 b5 16. Rad1 Bb7 17. Qg4 Nc5 18. Bf6 g6 19. Rfe1 Nxb3 20. axb3 Rfe8
21. Rd3 Bh2+ 22. Kf1 Qf4 23. Qxf4 Bxf4 24. Ne2 1/2-1/2

[Event "NatWest GrandMasters"]
[Site "London"]
[Date "1989.09.04"]
[Round "6"]
[White "Barua, Dibyendu"]
[Black "Kosten, Anthony C"]
[Result "1/2-1/2"]
[WhiteElo "2470"]
[BlackElo "2500"]
[PlyCount "55"]
[EventDate "1989.08.30"]
[EventType "tourn"]
[EventRounds "9"]
[EventCountry "ENG"]
[EventCategory "10"]
[SourceTitle "BritBase"]
[Source "John Saunders"]
[SourceDate "2022.12.30"]
[SourceVersion "1"]
[SourceVersionDate "2022.12.30"]
[SourceQuality "1"]

1. e4 c5 2. Nf3 Nc6 3. d4 cxd4 4. Nxd4 Nf6 5. Nc3 d6 6. Be2 e5 7. Nf3 h6 8. O-O
Be7 9. h3 O-O 10. Re1 Be6 11. Bf1 Nb8 12. b3 Nbd7 13. Bb2 a6 14. Nd5 Nxd5 15.
exd5 Bf5 16. c4 Bf6 17. b4 Re8 18. a3 Bh7 19. Qb3 Qb6 20. Qe3 a5 21. Bc3 axb4
22. axb4 Qc7 23. Rxa8 Rxa8 24. Ra1 Rc8 25. Bb2 Nb6 26. Qb3 Nd7 27. Qe3 Nb6 28.
Qb3 1/2-1/2

[Event "NatWest GrandMasters"]
[Site "London"]
[Date "1989.09.04"]
[Round "6"]
[White "Hebden, Mark L"]
[Black "Conquest, Stuart"]
[Result "1/2-1/2"]
[WhiteElo "2520"]
[BlackElo "2515"]
[PlyCount "123"]
[EventDate "1989.08.30"]
[EventType "tourn"]
[EventRounds "9"]
[EventCountry "ENG"]
[EventCategory "10"]
[SourceTitle "BritBase"]
[Source "John Saunders"]
[SourceDate "2022.12.30"]
[SourceVersion "1"]
[SourceVersionDate "2022.12.30"]
[SourceQuality "1"]

1. d4 Nf6 2. Nf3 g6 3. Nc3 d5 4. Bf4 Bg7 5. e3 O-O 6. Be2 Bg4 7. h3 Bxf3 8.
Bxf3 c6 9. O-O Nbd7 10. e4 dxe4 11. Nxe4 Nxe4 12. Bxe4 Qb6 13. c3 Nf6 14. Bf3
Nd5 15. Bc1 Rad8 16. Qb3 Qc7 17. Bg5 Bf6 18. Bd2 e6 19. Rad1 Rd7 20. Rfe1 Rfd8
21. Re4 Qb6 22. Qc2 a5 23. Bc1 c5 24. dxc5 Qxc5 25. Rf1 b5 26. Qe2 b4 27. cxb4
axb4 28. Bh6 Bg7 29. Bxg7 Kxg7 30. Rc4 Qb5 31. Rfc1 Qa6 32. h4 Ne7 33. h5 Nf5
34. Rxb4 Qxa2 35. Bg4 Qa5 36. Rbc4 Rd2 37. Qe1 Qd5 38. Bf3 Qd6 39. b4 g5 40.
Kh1 h6 41. b5 Nh4 42. Bc6 Rd1 43. Rxd1 Qxd1 44. Qxd1 Rxd1+ 45. Kh2 Rb1 46. Rc5
Rb4 47. Bd7 Nf5 48. Rc8 Nd6 49. Rb8 Kf6 50. Bc6 Rb2 51. f3 Nc4 52. Be4 Kg7 53.
Kh3 Nd6 54. b6 Nxe4 55. fxe4 Rb3+ 56. g3 Kf6 57. Kg2 Ke5 58. Rf8 Kf6 59. e5+
Kxe5 60. Rxf7 Rxb6 61. Rh7 g4 62. Rxh6 1/2-1/2

[Event "NatWest GrandMasters"]
[Site "London"]
[Date "1989.09.04"]
[Round "6"]
[White "McNab, Colin Anderson"]
[Black "Bronstein, David I"]
[Result "0-1"]
[WhiteElo "2435"]
[BlackElo "2430"]
[PlyCount "116"]
[EventDate "1989.08.30"]
[EventType "tourn"]
[EventRounds "9"]
[EventCountry "ENG"]
[EventCategory "10"]
[SourceTitle "BritBase"]
[Source "John Saunders"]
[SourceDate "2022.12.30"]
[SourceVersion "1"]
[SourceVersionDate "2022.12.30"]
[SourceQuality "1"]

1. c4 f5 2. Nf3 Nf6 3. g3 d6 4. d4 g6 5. Bg2 Bg7 6. O-O O-O 7. Nc3 c6 8. d5 Qa5
9. Be3 Bd7 10. Rc1 Na6 11. h3 Nc7 12. Nd4 c5 13. Nb3 Qb4 14. a3 Qb6 15. Nxc5
dxc5 16. b4 Nce8 17. Bxc5 Qd8 18. Bd4 Nd6 19. c5 Nde4 20. Nxe4 fxe4 21. c6 Be8
22. Bxf6 Bxf6 23. Bxe4 Qb6 24. Qd3 bxc6 25. dxc6 Rd8 26. Qxd8 Qxd8 27. c7 Qc8
28. Bb7 Qxb7 29. c8=Q Qb6 30. Qc7 Bb5 31. Qxb6 axb6 32. Rfd1 Ra8 33. Rc7 Rxa3
34. Rb7 Ra6 35. e4 Be2 36. Re1 Bf3 37. Rb8+ Kf7 38. e5 Bg5 39. e6+ Kg7 40. b5
Ra2 41. Rxb6 Bf6 42. Ra6 Rb2 43. Ra3 Bd5 44. Rd3 Rxb5 45. h4 Bc4 46. Rde3 Rb6
47. Re4 Bc3 48. Rc1 Bd5 49. Re2 Bf6 50. Rce1 Bf3 51. Re3 Bd5 52. R3e2 Ra6 53.
Re3 h6 54. R3e2 Bd4 55. g4 Bf3 56. Rc2 Bf6 57. Rc4 Bxh4 58. Rf4 Bd5 0-1

[Event "NatWest GrandMasters"]
[Site "London"]
[Date "1989.09.04"]
[Round "6"]
[White "Watson, William N"]
[Black "Murshed, Niaz"]
[Result "1-0"]
[WhiteElo "2495"]
[BlackElo "2475"]
[PlyCount "101"]
[EventDate "1989.08.30"]
[EventType "tourn"]
[EventRounds "9"]
[EventCountry "ENG"]
[EventCategory "10"]
[SourceTitle "BritBase"]
[Source "John Saunders"]
[SourceDate "2022.12.30"]
[SourceVersion "1"]
[SourceVersionDate "2022.12.30"]
[SourceQuality "1"]

1. e4 g6 2. d4 Bg7 3. Nc3 c6 4. f4 d5 5. e5 h5 6. Be3 Nh6 7. Nf3 Bg4 8. h3 Bxf3
9. Qxf3 Nf5 10. Bf2 h4 11. Bd3 Nd7 12. O-O Nf8 13. Ne2 e6 14. b3 Nd7 15. c4 Qe7
16. Rac1 Nb6 17. Rc2 Rh5 18. Kh2 Rd8 19. Rb1 f6 20. Re1 Kf7 21. c5 Nc8 22. b4
Qc7 23. Bxf5 exf5 24. Nc3 Ne7 25. b5 Rhh8 26. Kh1 fxe5 27. fxe5 g5 28. Rb2 Kg6
29. Reb1 Qc8 30. Ne2 Qe6 31. Qa3 Rhf8 32. bxc6 bxc6 33. Bxh4 f4 34. Qd3+ Kh6
35. Bf2 f3 36. Ng1 fxg2+ 37. Kxg2 Rf7 38. Rb8 Rxb8 39. Rxb8 Nf5 40. Nf3 Bf8 41.
Nh2 Kg7 42. Ng4 Be7 43. a4 Kh7 44. a5 Qg6 45. Kg1 a6 46. Ra8 Kg7 47. Rxa6 Qe6
48. Qb5 Nh4 49. Qxc6 Qf5 50. Qh6+ Kg8 51. Ra8+ 1-0

[Event "NatWest GrandMasters"]
[Site "London"]
[Date "1989.09.05"]
[Round "7"]
[White "Bronstein, David I"]
[Black "Hebden, Mark L"]
[Result "0-1"]
[WhiteElo "2430"]
[BlackElo "2520"]
[PlyCount "62"]
[EventDate "1989.08.30"]
[EventType "tourn"]
[EventRounds "9"]
[EventCountry "ENG"]
[EventCategory "10"]
[SourceTitle "BritBase"]
[Source "John Saunders"]
[SourceDate "2022.12.30"]
[SourceVersion "1"]
[SourceVersionDate "2022.12.30"]
[SourceQuality "1"]

1. e4 e5 2. Nf3 Nc6 3. Bb5 a6 4. Ba4 Nf6 5. d3 b5 6. Bb3 d6 7. c3 Be7 8. Nbd2
O-O 9. Nf1 Na5 10. Bc2 c5 11. Ng3 ({Putting all his eggs in one basket? This
placing for the knight implies a late ‘jump’ or sacrifice on f5/h5. The
centralising} 11. Ne3 {is quite feasible.}) 11... Re8 12. O-O h6 13. d4 cxd4
14. cxd4 exd4 15. Nxd4 Bf8 16. Bf4 g6 17. a4 b4 18. Qd2 d5 $1 {Squashing any
impression that White’s last move simply won a pawn.} 19. e5 Nc4 20. Qc1 Qb6
21. Nf3 Ng4 22. h3 $2 ({Bronstein played this move in quite a number of his
games in the two London tournaments, often quite early as a precaution against
a minor piece coming to g4. Here it proves wrong, as his knight at g3 becomes
a tactical weakness. The post-mortem suggestion was} 22. a5 {to chivvy the
queen, which would probably retire to a7, still eyeing f2.}) 22... Ngxe5 23.
Nxe5 Nxe5 24. Bxh6 Bc5 $1 25. a5 ({Stockfish 15:} 25. Qg5 $14) 25... Qd6 {
Now this is the right square, observing g3.} 26. Qg5 Bxh3 $1 {Necessary to
cross White’s plan of 27 Qh4 followed by Bg5, Bf6 and mates on h8.} 27. Qh4 (
27. Nh5 Ng4 28. g3 Re5 {wins.}) ({Stockfish 15:} 27. Kh1 $11) 27... Ng4 28. Bg5
({All according to plan. After} 28. Qxh3 Nxh6 29. Qxh6 Qxg3 {White’s attack
has disappeared.}) ({Stockfish 15:} 28. Rad1 $11) 28... Re2 $1 ({Stockfish 15:
} 28... Nxf2 $19) 29. Bd3 ({Not} 29. gxh3 Nxf2 30. Nxe2 $2 Ng4+ {winning the
queen or mating.}) ({Or} 29. Bf6 Qxf6 $1 30. Qxf6 Rxc2 {when the queen has no
good squares and Black still has his capture on f2. Wonderful.}) 29... Rxf2 30.
Qxh3 Qxg3 31. Qxg3 Rf3+ {Source: BCM, November 1989, p493} 0-1